Przetłumacz słowa na język angielski #1 - Statystyki

Ogólne statystyki
  • Ten quiz został rozwiązany 325 razy
  • Średni wynik to 12 z 20
Statystyki odpowiedzi
Słowo po polsku Słowo po angielsku % Poprawnych
książka book
100%
zwierzę animal, beast, pet
98%
mrówka ant, emmet
95%
słoń elephant
94%
rzeka river
91%
rodzic parent, begetter
89%
jutro tomorrow
89%
rozmiar extent, size
83%
drewniany wooden, wood
75%
konto account
72%
nożyczki scissors
71%
ręcznik towel
63%
bawełna cotton
55%
kaszel cough
45%
płot fence, hoarding
40%
bóbr beaver
29%
samogłoska vowel
14%
tuzin dozen
13%
pisownia spelling, orthography
11%
łodyga stalk, stem, scape
8%
Nie znaleziono quizów pasujących do podanych kryteriów
Rozkład punktacji
Procent ludzi z każdym wynikiem
Percentyl według liczby udzielonych odpowiedzi
Twoja historia wyników
Nie rozwiązałeś tego quizu